<?xml version="1.0" encoding="UTF-8"?>
<collection xmlns="http://www.loc.gov/MARC21/slim">
 <record>
  <leader>02513nam a22003377a 4500</leader>
  <controlfield tag="001">NCT_23544</controlfield>
  <controlfield tag="008">171202b        xxu||||| |||| 00| 0 vie d</controlfield>
  <datafield tag="999" ind1=" " ind2=" ">
   <subfield code="c">1115</subfield>
   <subfield code="d">1115</subfield>
  </datafield>
  <datafield tag="020" ind1=" " ind2=" ">
   <subfield code="c">46000</subfield>
  </datafield>
  <datafield tag="082" ind1="0" ind2="4">
   <subfield code="2">23rd ed.</subfield>
   <subfield code="a">516.6</subfield>
   <subfield code="b">Đ305/T.2</subfield>
  </datafield>
  <datafield tag="100" ind1="1" ind2=" ">
   <subfield code="a">Nguyễn Đình Điện</subfield>
   <subfield code="e">Chủ biên</subfield>
  </datafield>
  <datafield tag="245" ind1="1" ind2="0">
   <subfield code="a">Hình học họa hình</subfield>
   <subfield code="n">Tập 2</subfield>
   <subfield code="p">Hình chiếu phối cảnh, hình chiếu có số, bóng trên các hình chiếu</subfield>
   <subfield code="c">Nguyễn Đình Điện (chủ biên), Dương Tiến Thọ, Nguyễn Văn Tuấn</subfield>
  </datafield>
  <datafield tag="250" ind1=" " ind2=" ">
   <subfield code="a">Tái bản lần thứ 8</subfield>
  </datafield>
  <datafield tag="260" ind1=" " ind2=" ">
   <subfield code="a">H.</subfield>
   <subfield code="b">Giáo dục</subfield>
   <subfield code="c">2011</subfield>
  </datafield>
  <datafield tag="300" ind1=" " ind2=" ">
   <subfield code="a">187tr.</subfield>
   <subfield code="b">hình vẽ</subfield>
   <subfield code="c">27cm</subfield>
  </datafield>
  <datafield tag="653" ind1=" " ind2=" ">
   <subfield code="a">Khoa học cơ bản</subfield>
  </datafield>
  <datafield tag="655" ind1=" " ind2="7">
   <subfield code="a">Giáo trình</subfield>
  </datafield>
  <datafield tag="700" ind1="1" ind2=" ">
   <subfield code="a">Dương Tiến Thọ</subfield>
  </datafield>
  <datafield tag="700" ind1="1" ind2=" ">
   <subfield code="a">Nguyễn Văn Tuấn</subfield>
  </datafield>
  <datafield tag="942" ind1=" " ind2=" ">
   <subfield code="2">ddc</subfield>
   <subfield code="c">BK</subfield>
  </datafield>
  <datafield tag="952" ind1=" " ind2=" ">
   <subfield code="0">0</subfield>
   <subfield code="1">0</subfield>
   <subfield code="2">ddc</subfield>
   <subfield code="4">0</subfield>
   <subfield code="6">516_600000000000000_Đ305_T_2</subfield>
   <subfield code="7">0</subfield>
   <subfield code="9">19400</subfield>
   <subfield code="a">000001</subfield>
   <subfield code="b">000001</subfield>
   <subfield code="d">2020-04-21</subfield>
   <subfield code="o">516.6 Đ305/T.2</subfield>
   <subfield code="p">MD.03555</subfield>
   <subfield code="r">2020-04-21</subfield>
   <subfield code="v">46000.00</subfield>
   <subfield code="w">2020-04-21</subfield>
   <subfield code="y">BK</subfield>
  </datafield>
  <datafield tag="952" ind1=" " ind2=" ">
   <subfield code="0">0</subfield>
   <subfield code="1">0</subfield>
   <subfield code="2">ddc</subfield>
   <subfield code="4">0</subfield>
   <subfield code="6">516_600000000000000_Đ305_T_2</subfield>
   <subfield code="7">0</subfield>
   <subfield code="9">19401</subfield>
   <subfield code="a">000001</subfield>
   <subfield code="b">000001</subfield>
   <subfield code="d">2020-04-21</subfield>
   <subfield code="o">516.6 Đ305/T.2</subfield>
   <subfield code="p">MD.03556</subfield>
   <subfield code="r">2020-04-21</subfield>
   <subfield code="v">46000.00</subfield>
   <subfield code="w">2020-04-21</subfield>
   <subfield code="y">BK</subfield>
  </datafield>
  <datafield tag="952" ind1=" " ind2=" ">
   <subfield code="0">0</subfield>
   <subfield code="1">0</subfield>
   <subfield code="2">ddc</subfield>
   <subfield code="4">0</subfield>
   <subfield code="6">516_600000000000000_Đ305_T_2</subfield>
   <subfield code="7">0</subfield>
   <subfield code="9">19402</subfield>
   <subfield code="a">000001</subfield>
   <subfield code="b">000001</subfield>
   <subfield code="d">2020-04-21</subfield>
   <subfield code="o">516.6 Đ305/T.2</subfield>
   <subfield code="p">MD.03557</subfield>
   <subfield code="r">2020-04-21</subfield>
   <subfield code="v">46000.00</subfield>
   <subfield code="w">2020-04-21</subfield>
   <subfield code="y">BK</subfield>
  </datafield>
  <datafield tag="952" ind1=" " ind2=" ">
   <subfield code="0">0</subfield>
   <subfield code="1">0</subfield>
   <subfield code="2">ddc</subfield>
   <subfield code="4">0</subfield>
   <subfield code="6">516_600000000000000_Đ305_T_2</subfield>
   <subfield code="7">0</subfield>
   <subfield code="9">19403</subfield>
   <subfield code="a">000001</subfield>
   <subfield code="b">000001</subfield>
   <subfield code="d">2020-04-21</subfield>
   <subfield code="o">516.6 Đ305/T.2</subfield>
   <subfield code="p">MD.03558</subfield>
   <subfield code="r">2020-04-21</subfield>
   <subfield code="v">46000.00</subfield>
   <subfield code="w">2020-04-21</subfield>
   <subfield code="y">BK</subfield>
  </datafield>
  <datafield tag="952" ind1=" " ind2=" ">
   <subfield code="0">0</subfield>
   <subfield code="1">0</subfield>
   <subfield code="2">ddc</subfield>
   <subfield code="4">0</subfield>
   <subfield code="6">516_600000000000000_Đ305_T_2</subfield>
   <subfield code="7">0</subfield>
   <subfield code="9">19404</subfield>
   <subfield code="a">000001</subfield>
   <subfield code="b">000001</subfield>
   <subfield code="d">2020-04-21</subfield>
   <subfield code="o">516.6 Đ305/T.2</subfield>
   <subfield code="p">MD.03559</subfield>
   <subfield code="r">2020-04-21</subfield>
   <subfield code="v">46000.00</subfield>
   <subfield code="w">2020-04-21</subfield>
   <subfield code="y">BK</subfield>
  </datafield>
  <datafield tag="952" ind1=" " ind2=" ">
   <subfield code="0">0</subfield>
   <subfield code="1">0</subfield>
   <subfield code="2">ddc</subfield>
   <subfield code="4">0</subfield>
   <subfield code="6">516_600000000000000_Đ305_T_2</subfield>
   <subfield code="7">0</subfield>
   <subfield code="9">19405</subfield>
   <subfield code="a">000001</subfield>
   <subfield code="b">000001</subfield>
   <subfield code="d">2020-04-21</subfield>
   <subfield code="o">516.6 Đ305/T.2</subfield>
   <subfield code="p">MD.03560</subfield>
   <subfield code="r">2020-04-21</subfield>
   <subfield code="v">46000.00</subfield>
   <subfield code="w">2020-04-21</subfield>
   <subfield code="y">BK</subfield>
  </datafield>
  <datafield tag="952" ind1=" " ind2=" ">
   <subfield code="0">0</subfield>
   <subfield code="1">0</subfield>
   <subfield code="2">ddc</subfield>
   <subfield code="4">0</subfield>
   <subfield code="6">516_600000000000000_Đ305_T_2</subfield>
   <subfield code="7">0</subfield>
   <subfield code="9">19406</subfield>
   <subfield code="a">000001</subfield>
   <subfield code="b">000001</subfield>
   <subfield code="d">2020-04-21</subfield>
   <subfield code="o">516.6 Đ305/T.2</subfield>
   <subfield code="p">MD.03561</subfield>
   <subfield code="r">2020-04-21</subfield>
   <subfield code="v">46000.00</subfield>
   <subfield code="w">2020-04-21</subfield>
   <subfield code="y">BK</subfield>
  </datafield>
  <datafield tag="952" ind1=" " ind2=" ">
   <subfield code="0">0</subfield>
   <subfield code="1">0</subfield>
   <subfield code="2">ddc</subfield>
   <subfield code="4">0</subfield>
   <subfield code="6">516_600000000000000_Đ305_T_2</subfield>
   <subfield code="7">0</subfield>
   <subfield code="9">19407</subfield>
   <subfield code="a">000001</subfield>
   <subfield code="b">000001</subfield>
   <subfield code="d">2020-04-21</subfield>
   <subfield code="o">516.6 Đ305/T.2</subfield>
   <subfield code="p">MD.03562</subfield>
   <subfield code="r">2020-04-21</subfield>
   <subfield code="v">46000.00</subfield>
   <subfield code="w">2020-04-21</subfield>
   <subfield code="y">BK</subfield>
  </datafield>
  <datafield tag="952" ind1=" " ind2=" ">
   <subfield code="0">0</subfield>
   <subfield code="1">0</subfield>
   <subfield code="2">ddc</subfield>
   <subfield code="4">0</subfield>
   <subfield code="6">516_600000000000000_Đ305_T_2</subfield>
   <subfield code="7">0</subfield>
   <subfield code="9">19408</subfield>
   <subfield code="a">000001</subfield>
   <subfield code="b">000001</subfield>
   <subfield code="d">2020-04-21</subfield>
   <subfield code="o">516.6 Đ305/T.2</subfield>
   <subfield code="p">MD.03563</subfield>
   <subfield code="r">2020-04-21</subfield>
   <subfield code="v">46000.00</subfield>
   <subfield code="w">2020-04-21</subfield>
   <subfield code="y">BK</subfield>
  </datafield>
  <datafield tag="952" ind1=" " ind2=" ">
   <subfield code="0">0</subfield>
   <subfield code="1">0</subfield>
   <subfield code="2">ddc</subfield>
   <subfield code="4">0</subfield>
   <subfield code="6">516_600000000000000_Đ305_T_2</subfield>
   <subfield code="7">0</subfield>
   <subfield code="9">19409</subfield>
   <subfield code="a">000001</subfield>
   <subfield code="b">000001</subfield>
   <subfield code="d">2020-04-21</subfield>
   <subfield code="o">516.6 Đ305/T.2</subfield>
   <subfield code="p">MD.03564</subfield>
   <subfield code="r">2020-04-21</subfield>
   <subfield code="v">46000.00</subfield>
   <subfield code="w">2020-04-21</subfield>
   <subfield code="y">BK</subfield>
  </datafield>
  <datafield tag="980" ind1=" " ind2=" ">
   <subfield code="a">Thư viện Trường Đại học Nam Cần Thơ</subfield>
  </datafield>
 </record>
</collection>
